Quản lý hoạt động giáo dục đạo đức cho trẻ ở các trường Mầm non huyện Giồng Riềng, tỉnh Kiên Giang Luận văn thạc sĩ Khoa học Giáo dục. Chuyên ngành: Quản lý Giáo dục. Mã số: 8.14.01.14

Sparad:
Bibliografiska uppgifter
Huvudupphovsman: Dương, Ngọc Châu
Övriga upphovsmän: Huỳnh, Mộng Tuyền (Hướng dẫn)
Materialtyp: Materialpaket Bok
Publicerad: Đồng Tháp Đại học Đồng Tháp 2020
Ämnen:
Taggar: Lägg till en tagg
Inga taggar, Lägg till första taggen!
Thư viện lưu trữ: Trung tâm Học liệu Lê Vũ Hùng, Trường Đại học Đồng Tháp
LEADER 01273ppm a22002658a 4500
001 00046209
005 20201225101234.0
008 170228s2013 ||||||Viesd
041 0 # |a Vie 
082 1 4 |a 372.12  |b QU105L 
100 1 # |a Dương, Ngọc Châu 
245 0 0 |a Quản lý hoạt động giáo dục đạo đức cho trẻ ở các trường Mầm non huyện Giồng Riềng, tỉnh Kiên Giang  |b Luận văn thạc sĩ Khoa học Giáo dục. Chuyên ngành: Quản lý Giáo dục. Mã số: 8.14.01.14  |c Dương Ngọc Châu; Huỳnh Mộng Tuyền (hướng dẫn) 
260 # # |a Đồng Tháp  |b Đại học Đồng Tháp  |c 2020 
300 # # |a x,102 tr. + phụ lục  |c 30 cm  |e 1 bản tóm tắt 
500 # # |a ĐTTS ghi: Bộ giáo dục và đào tạo. Trường Đại học Đồng Tháp 
653 # # |a Giáo dục đạo đức 
653 # # |a Trẻ em 
653 # # |a Trường mầm non 
653 # # |a Kiên Giang 
653 # # |a Luận văn 
653 # # |a Quản lý giáo dục 
700 1 # |a Huỳnh, Mộng Tuyền  |e Hướng dẫn 
852 # # |j LV.0002724 
910 # # |d 25/12/2020 
980 # # |a Trung tâm Học liệu Lê Vũ Hùng, Trường Đại học Đồng Tháp